|
|
|
|
| LEADER |
01094nam a2200337 4500 |
| 001 |
000010012 |
| 003 |
6211 |
| 005 |
20111110151104.0 |
| 008 |
111107s2009 viesd |
| 020 |
|
|
|c 95000đ
|
| 041 |
0 |
|
|a vie
|
| 082 |
|
|
|a 943
|b VI-K
|
| 100 |
0 |
|
|a Klaus Viedebantt
|
| 245 |
|
0 |
|a Nước Đức quá khứ và hiện tại
|c Klaus Viedebantt
|
| 260 |
|
|
|a H.
|b Văn hóa thông tin
|c 2009
|
| 300 |
|
|
|a 192tr
|c 21cm
|
| 653 |
|
|
|a Nước Đức
|
| 653 |
|
|
|a quá khứ và hiện tại
|
| 700 |
|
|
|a Heirnich August Winkler
|e Tác giả
|
| 700 |
|
|
|a Jurgen Hartmann
|e Tác giả
|
| 700 |
|
|
|a Gregor Schollgen
|e Tác giả
|
| OWN |
|
|
|a LSP
|
| AVA |
|
|
|a UDN50
|b LSP
|d 943 VI-K
|e available
|t Error 5001 Not defined in file expand_doc_bib_avail.
|f 10
|g 0
|h N
|i 0
|k 1
|
| 999 |
|
|
|a From the UDN01
|
| AVA |
|
|
|a UDN50
|b LSP
|d 943 VI-K
|e available
|t Error 5001 Not defined in file expand_doc_bib_avail.
|f 10
|g 0
|h N
|i 0
|k 1
|
| TYP |
|
|
|a Monograph
|
| TYP |
|
|
|a Printed language
|
| 980 |
|
|
|a Mạng thư viện Đại học Đà Nẵng
|